000 00310nam a22001337a 4500
008 180111b xxu||||| |||| 00| 0 eng d
020 _a9781482260960
041 _aeng
080 _296th
_a541
100 _a12
101 _aKIM
245 _aHandbook of Chemistry and Physics
_cHaynes, W.M
942 _2udc
_cBK
999 _c40090
_d40090